[Event "Mittelrhein Regionalliga 15/16"]
[Site "Nordrheinwestfalen"]
[Date "2016.04.10"]
[Round "9.4"]
[White "Stenzel, Thomas"]
[Black "Reinemer, Frank"]
[Result "0-1"]
[WhiteElo "2084"]
[BlackElo "2114"]
[PlyCount "142"]
[EventDate "2015.09.27"]
[EventType "team-tourn"]
[EventRounds "9"]
[EventCountry "GER"]
[SourceTitle "EXT 2022"]
[Source "ChessBase"]
[SourceDate "2021.10.06"]
[SourceVersion "1"]
[SourceVersionDate "2021.10.06"]
[SourceQuality "1"]
[WhiteTeam "Godesberg II"]
[BlackTeam "Langenfeld"]
[WhiteTeamCountry "GER"]
[BlackTeamCountry "GER"]

1. e4 Nf6 2. e5 Nd5 3. d4 d6 4. Nf3 g6 5. Bc4 Nb6 6. Bb3 Bg7 7. a4 a5 8. Qe2 0-0 9. 0-0 Bg4 10. Be3 Nc6 11. h3 Bxf3 12. Qxf3 dxe5 13. dxe5 Bxe5 14. c3 Qd3 15. Rd1 Qf5 16. Qxf5 gxf5 17. Na3 Rfd8 18. Nb5 Rxd1+ 19. Rxd1 Rd8 20. Rxd8+ Nxd8 21. f4 Bd6 22. Nxd6 exd6 23. Bxb6 cxb6 24. Kf2 Kg7 25. Ke3 Ne6 26. Bd5 Nc5 27. b3 Kf6 28. Kd4 Ne6+ 29. Ke3 Nc5 30. g3 Ke7 31. Kd4 b5 32. axb5 b6 33. b4 axb4 34. cxb4 Ne6+ 35. Kc4 Nc7 36. Bb7 Kd7 37. Bc6+ Ke6 38. Kd4 h6 39. Kc4 d5+ 40. Kd3 Kd6 41. Ke3 Ne6 42. Kd3 Ng7 43. Ke3 Nh5 44. g4 fxg4 45. hxg4 Nf6 46. Kf3 Ne4 47. Ke3 Nf6 48. Kf3 d4 49. Bb7 d3 50. Ke3 Nxg4+ 51. Kxd3 Nf6 52. Kd4 h5 53. Bf3 h4 54. Bg2 Ng4 55. f5 Nf2 56. Ke3 Nd1+ 57. Kd4 Nb2 58. Bf3 h3 59. Kc3 Na4+ 60. Kb3 Ke5 61. Bb7 h2 62. Kxa4 Kxf5 63. Kb3 Kf4 64. Kc3 Ke3 65. Bh1 f5 66. Kc4 f4 67. Kd5 f3 68. Kc6 f2 69. Bg2 f1Q 70. Bxf1 h1Q+ 71. Kxb6 Qxf1 0-1

[Event "Mittelrhein Regionalliga 15/16"]
[Site "Nordrheinwestfalen"]
[Date "2016.01.10"]
[Round "5.6"]
[White "Stenzel, Thomas"]
[Black "Spilles, Matthias"]
[Result "0-1"]
[WhiteElo "2084"]
[BlackElo "2070"]
[PlyCount "50"]
[EventDate "2015.09.27"]
[EventType "team-tourn"]
[EventRounds "9"]
[EventCountry "GER"]
[SourceTitle "EXT 2022"]
[Source "ChessBase"]
[SourceDate "2021.10.06"]
[SourceVersion "1"]
[SourceVersionDate "2021.10.06"]
[SourceQuality "1"]
[WhiteTeam "Godesberg II"]
[BlackTeam "Bruehl"]
[WhiteTeamCountry "GER"]
[BlackTeamCountry "GER"]

1. e4 e6 2. d4 d5 3. exd5 exd5 4. Nf3 Nf6 5. Bd3 Bd6 6. 0-0 0-0 7. c4 dxc4 8. Bxc4 Bg4 9. Nc3 Nc6 10. Be3 Qd7 11. Re1 Rad8 12. Rc1 Qf5 13. Be2 Bc5 14. Qb3 Bb6 15. Na4 Bxf3 16. Bxf3 Nxd4 17. Bxd4 Bxd4 18. Qxb7 Ng4 19. Re2 Qf4 20. Qxc7 Be5 21. Rxe5 Nxe5 22. Be2 Rd2 23. g3 Qxa4 24. Qxe5 Re8 25. Bb5 Qd1+ 0-1

[Event "Mittelrhein Regionalliga 15/16"]
[Site "Nordrheinwestfalen"]
[Date "2015.12.13"]
[Round "4.6"]
[White "Pilgram, Alexander"]
[Black "Stenzel, Thomas"]
[Result "1/2-1/2"]
[WhiteElo "2021"]
[BlackElo "2085"]
[PlyCount "102"]
[EventDate "2015.09.27"]
[EventType "team-tourn"]
[EventRounds "9"]
[EventCountry "GER"]
[SourceTitle "EXT 2022"]
[Source "ChessBase"]
[SourceDate "2021.10.06"]
[SourceVersion "1"]
[SourceVersionDate "2021.10.06"]
[SourceQuality "1"]
[WhiteTeam "Porz SG III"]
[BlackTeam "Godesberg II"]
[WhiteTeamCountry "GER"]
[BlackTeamCountry "GER"]

1. c4 Nf6 2. g3 g6 3. Bg2 d6 4. Nc3 Bg7 5. Nf3 0-0 6. 0-0 c6 7. h3 e5 8. e4 Na6 9. d3 Nh5 10. Nh2 Be6 11. Ng4 Qe8 12. Kh2 Nc7 13. Nh6+ Kh8 14. Nf5 gxf5 15. Qxh5 f6 16. Qxe8 Raxe8 17. Be3 a6 18. b3 Rd8 19. Rad1 Rf7 20. f4 Rg8 21. d4 Bf8 22. exf5 Bxf5 23. fxe5 fxe5 24. dxe5 dxe5 25. Be4 Bb4 26. Ne2 Rgf8 27. Bh6 Bxe4 28. Bxf8 Rxf8 29. Rxf8+ Bxf8 30. Rd7 Ne6 31. Rxb7 Bc5 32. g4 Nd4 33. Nc3 Bf3 34. b4 Bf8 35. Rb8 Kg7 36. Kg3 e4 37. Kf2 Bd6 38. Rb7+ Kg6 39. Nxe4 Bxe4 40. Ke3 Bh1 41. Kxd4 c5+ 42. bxc5 Bxc5+ 43. Kxc5 Bxb7 44. Kb6 Bg2 45. h4 Bf3 46. Kxa6 Bxg4 47. c5 Kh5 48. c6 Kxh4 49. Kb7 Kg5 50. a4 h5 51. a5 h4 1/2-1/2

[Event "Mittelrhein Regionalliga 1415"]
[Site "Mittelrhein"]
[Date "2015.03.15"]
[Round "8.5"]
[White "Pragua, Christoph P"]
[Black "Stenzel, Thomas"]
[Result "1/2-1/2"]
[WhiteElo "1997"]
[BlackElo "2121"]
[PlyCount "95"]
[EventDate "2014.09.28"]
[EventType "team-tourn"]
[EventRounds "9"]
[EventCountry "GER"]
[SourceTitle "EXT 2023"]
[Source "ChessBase"]
[SourceDate "2022.10.05"]
[SourceVersion "1"]
[SourceVersionDate "2022.10.05"]
[SourceQuality "1"]
[WhiteTeam "Klub Koelner SF II"]
[BlackTeam "Godesberg II"]
[WhiteTeamCountry "GER"]
[BlackTeamCountry "GER"]

1. Nf3 Nf6 2. c4 g6 3. d4 Bg7 4. g3 d6 5. Bg2 0-0 6. 0-0 c6 7. h3 Na6 8. Nc3 h6 9. e4 Qe8 10. Bf4 Nh5 11. Be3 e5 12. Qd2 Kh7 13. g4 Nf6 14. Rfe1 Ng8 15. Rad1 b6 16. a3 Qe7 17. dxe5 dxe5 18. Qd6 Be6 19. Bf1 Qf6 20. Be2 Rac8 21. Qd2 Nc7 22. Kg2 Qe7 23. Qc2 Bd7 24. c5 b5 25. Rd6 Ne8 26. Rd2 Be6 27. Red1 f6 28. b4 Qf7 29. Rb1 f5 30. exf5 gxf5 31. Nh4 Ne7 32. gxf5 Nxf5 33. Bd3 Qh5 34. Nxf5 Bxf5 35. Bxf5+ Rxf5 36. Ne4 Kh8 37. Qd1 Qf7 38. Rd7 Qe6 39. Kh2 Nf6 40. Rd6 Qf7 41. Ng3 Nd5 42. Nxf5 Qxf5 43. Rb3 Nxe3 44. fxe3 e4 45. Rd8+ Rxd8 46. Qxd8+ Kh7 47. Qh4 Qf3 48. Rb1 1/2-1/2

[Event "Mittelrhein Regionalliga 1415"]
[Site "Mittelrhein"]
[Date "2015.01.11"]
[Round "5.6"]
[White "Hilpert, Rainer"]
[Black "Stenzel, Thomas"]
[Result "1-0"]
[WhiteElo "1959"]
[BlackElo "2124"]
[PlyCount "66"]
[EventDate "2014.09.28"]
[EventType "team-tourn"]
[EventRounds "9"]
[EventCountry "GER"]
[SourceTitle "EXT 2023"]
[Source "ChessBase"]
[SourceDate "2022.10.05"]
[SourceVersion "1"]
[SourceVersionDate "2022.10.05"]
[SourceQuality "1"]
[WhiteTeam "Rheinbacher SF"]
[BlackTeam "Godesberg II"]
[WhiteTeamCountry "GER"]
[BlackTeamCountry "GER"]

1. d4 d5 2. c4 Nc6 3. Nf3 Bg4 4. cxd5 Bxf3 5. gxf3 Qxd5 6. e3 e5 7. Nc3 Bb4 8. Bd2 Bxc3 9. bxc3 Nf6 10. c4 Qd6 11. d5 Ne7 12. Qa4+ Nd7 13. Bh3 f5 14. Bb4 Qh6 15. Bf1 a5 16. Qa3 Qf6 17. Rg1 Ng6 18. 0-0-0 Qb6 19. Bc3 Nc5 20. f4 Qd6 21. Bxe5 Nxe5 22. fxe5 Qe7 23. d6 Qxe5 24. f4 Qf6 25. Qxc5 Qa1+ 26. Kd2 Qxa2+ 27. Ke1 0-0 28. Qd4 Rf7 29. Rg2 Qa3 30. c5 Kh8 31. Bc4 Qb4+ 32. Kf1 Rd7 33. Be6 Qxd4 1-0

[Event "Mittelrhein Regionalliga 1415"]
[Site "Mittelrhein"]
[Date "2014.11.09"]
[Round "3.4"]
[White "Stenzel, Thomas"]
[Black "Kloss, Henning"]
[Result "0-1"]
[WhiteElo "2124"]
[BlackElo "2118"]
[PlyCount "82"]
[EventDate "2014.09.28"]
[EventType "team-tourn"]
[EventRounds "9"]
[EventCountry "GER"]
[SourceTitle "EXT 2023"]
[Source "ChessBase"]
[SourceDate "2022.10.05"]
[SourceVersion "1"]
[SourceVersionDate "2022.10.05"]
[SourceQuality "1"]
[WhiteTeam "Godesberg II"]
[BlackTeam "Koeln Lasker"]
[WhiteTeamCountry "GER"]
[BlackTeamCountry "GER"]

1. e4 c5 2. f4 d5 3. exd5 Nf6 4. Bb5+ Bd7 5. Bxd7+ Qxd7 6. c4 e6 7. Nf3 exd5 8. Ne5 Qd8 9. 0-0 Be7 10. Qf3 0-0 11. d3 Nc6 12. Nxc6 bxc6 13. Nc3 dxc4 14. dxc4 Qd4+ 15. Be3 Qxc4 16. Rac1 Qb4 17. Rf2 Rad8 18. h3 Rd3 19. Qe2 Rd7 20. Qc2 c4 21. Kh1 Nd5 22. Bd2 Qb6 23. Re2 Bb4 24. Qf5 Qd8 25. Rce1 g6 26. Qe4 Nf6 27. Qc2 Nh5 28. Kh2 Qh4 29. Re4 Qg3+ 30. Kg1 Bc5+ 31. Kh1 Qf2 32. Ne2 Rfd8 33. Ba5 Ng3+ 34. Kh2 Nxe4 35. Qxe4 Re7 36. Nc3 Rxe4 37. Nxe4 Qxf4+ 38. g3 Qb8 39. Nf6+ Kg7 40. Bc3 Bd4 41. Ne8+ Kf8 0-1

[Event "Gibraltar Masters 12th"]
[Site "Caleta"]
[Date "2014.02.02"]
[Round "6"]
[White "Savina, Anastasia"]
[Black "Stenzel, Thomas"]
[Result "1-0"]
[WhiteElo "2402"]
[BlackElo "2216"]
[PlyCount "51"]
[EventDate "2014.01.28"]
[EventType "swiss"]
[EventRounds "10"]
[EventCountry "GGB"]
[SourceTitle "CBM 159"]
[Source "ChessBase"]
[SourceDate "2014.03.17"]
[SourceVersion "1"]
[SourceVersionDate "2014.03.17"]
[SourceQuality "1"]

1. d4 Nf6 2. c4 g6 3. Nc3 Bg7 4. e4 d6 5. Nf3 0-0 6. h3 e5 7. d5 a5 8. g4 Na6 9. Be3 Nd7 10. a3 Qe8 11. Rg1 b6 12. Be2 Ndc5 13. Qc2 Bd7 14. h4 a4 15. Nd2 Qe7 16. g5 Kh8 17. h5 Rg8 18. Rh1 Bf8 19. 0-0-0 Kg7 20. f4 f6 21. gxf6+ Qxf6 22. fxe5 dxe5 23. Rdf1 Qd6 24. hxg6 Rh8 25. Bh6+ Kxg6 26. Rfg1+ 1-0

[Event "Gibraltar Masters 12th"]
[Site "Caleta"]
[Date "2014.01.28"]
[Round "1"]
[White "Stenzel, Thomas"]
[Black "Sandipan, Chanda"]
[Result "0-1"]
[WhiteElo "2216"]
[BlackElo "2609"]
[PlyCount "62"]
[EventDate "2014.01.28"]
[EventType "swiss"]
[EventRounds "10"]
[EventCountry "GGB"]
[SourceTitle "CBM 159"]
[Source "ChessBase"]
[SourceDate "2014.03.17"]
[SourceVersion "1"]
[SourceVersionDate "2014.03.17"]
[SourceQuality "1"]

1. e4 c5 2. Nf3 a6 3. d3 g6 4. g3 Bg7 5. Bg2 b5 6. 0-0 Bb7 7. Re1 e5 8. Nbd2 Ne7 9. c3 0-0 10. Nb3 d6 11. d4 exd4 12. cxd4 c4 13. Nbd2 Nbc6 14. Nf1 Nb4 15. Re2 Nd3 16. Ne1 Nxc1 17. Rxc1 f5 18. b3 fxe4 19. bxc4 bxc4 20. Rxc4 d5 21. Rb4 Bc6 22. Reb2 Nf5 23. Rd2 a5 24. Rb1 Qe8 25. Ne3 Ba4 26. N1c2 Nxe3 27. fxe3 Rb8 28. Qc1 Qc6 29. Ne1 Bh6 30. Re2 Qxc1 31. Rxc1 Bb5 0-1

[Event "Mittelrhein Regionalliga 1314"]
[Site "Mittelrhein"]
[Date "2013.11.24"]
[Round "4.2"]
[White "Stenzel, Thomas"]
[Black "Weber, Peter"]
[Result "0-1"]
[WhiteElo "2152"]
[BlackElo "2157"]
[PlyCount "112"]
[EventDate "2013.09.15"]
[EventType "team-tourn"]
[EventRounds "11"]
[EventCountry "GER"]
[SourceTitle "EXT 2023"]
[Source "ChessBase"]
[SourceDate "2022.10.05"]
[SourceVersion "1"]
[SourceVersionDate "2022.10.05"]
[SourceQuality "1"]
[WhiteTeam "Godesberg II"]
[BlackTeam "Langenfeld"]
[WhiteTeamCountry "GER"]
[BlackTeamCountry "GER"]

1. e4 Nf6 2. e5 Nd5 3. d4 d6 4. Nf3 dxe5 5. Nxe5 c6 6. Bc4 Nd7 7. Bb3 Nxe5 8. dxe5 Bf5 9. 0-0 e6 10. Qe2 a5 11. a4 Bc5 12. Qc4 Be7 13. Nc3 0-0 14. Re1 Nxc3 15. bxc3 h6 16. Rb1 Rb8 17. Be3 Qc7 18. f4 Rfd8 19. Qe2 b5 20. Ra1 b4 21. cxb4 Bxb4 22. Rf1 Rd7 23. Rad1 Rbd8 24. Rxd7 Qxd7 25. Qc4 Bd2 26. Bb6 Rb8 27. Bc5 Qd5 28. Qd4 Qxd4+ 29. Bxd4 Rb4 30. Bc5 Rxf4 31. Rd1 Bc3 32. Rd8+ Kh7 33. Ra8 Re4 34. Kf2 Rxe5 35. Bb6 Be4 36. Bc7 Rf5+ 37. Ke3 Bxg2 38. Bc4 Rc5 39. Be2 f5 40. Bb6 Re5+ 41. Kd3 Be1 42. c4 c5 43. Ra7 Be4+ 44. Ke3 Bc6+ 45. Kd3 Bxa4 46. Bf3 Bf2 47. Kd2 Bb3 48. Bc7 Re3 49. Be2 a4 50. Bg3 Rxe2+ 51. Kxe2 Bd4 52. Kd3 e5 53. Kd2 f4 54. Be1 Kg6 55. Kd3 f3 56. Kd2 f2 0-1

[Event "Regionalliga Mittelrhein 1213"]
[Site "Germany"]
[Date "2013.04.14"]
[Round "9.1"]
[White "Wacker, Peter"]
[Black "Stenzel, Thomas"]
[Result "0-1"]
[WhiteElo "2312"]
[BlackElo "2112"]
[PlyCount "120"]
[EventDate "2012.09.09"]
[EventType "team"]
[EventRounds "11"]
[EventCountry "GER"]
[SourceTitle "EXT 2015"]
[Source "ChessBase"]
[SourceDate "2014.11.20"]
[SourceVersion "1"]
[SourceVersionDate "2014.11.20"]
[SourceQuality "1"]
[WhiteTeam "Pulheim"]
[BlackTeam "Godesberg III"]
[WhiteTeamCountry "GER"]
[BlackTeamCountry "GER"]

1. d4 d5 2. c4 Nc6 3. Nf3 Bg4 4. cxd5 Bxf3 5. gxf3 Qxd5 6. e3 e5 7. Nc3 Bb4 8. Bd2 Bxc3 9. bxc3 Qd6 10. Bg2 Nge7 11. Rb1 b6 12. f4 exf4 13. e4 0-0 14. Qf3 Qa3 15. Bxf4 Ng6 16. Bg3 f5 17. Qd3 Nxd4 18. Qc4+ Kh8 19. cxd4 Qa5+ 20. Ke2 f4 21. e5 Rae8 22. Be4 Nxe5 23. dxe5 Qxe5 24. f3 fxg3 25. hxg3 h6 26. Rhg1 Rf6 27. Rb5 c5 28. Rbb1 Qh5 29. Kf2 Qg4 30. Qd5 Qxe4 31. Qxe4 Rxe4 32. Rgd1 Re7 33. a4 Kg8 34. a5 Kf7 35. Rd8 Rc7 36. Rb8 bxa5 37. R8b5 c4 38. Rxa5 c3 39. Rc1 c2 40. Ra2 Rfc6 41. Ke2 Rc3 42. g4 g6 43. Ra6 R3c6 44. Ra2 Kf6 45. Ra5 Rc5 46. Ra2 h5 47. gxh5 gxh5 48. Kf2 Kf5 49. Kg3 h4+ 50. Kf2 Kf4 51. Ra4+ Rc4 52. Ra5 Rc3 53. Ra4+ R7c4 54. Rxa7 Rxf3+ 55. Kg2 h3+ 56. Kh2 Ke3 57. Rd7 Ke2 58. Rd8 Rd3 59. Re8+ Kd2 60. Ree1 Kc3 0-1

[Event "Regionalliga Mittelrhein 1213"]
[Site "Germany"]
[Date "2013.02.03"]
[Round "7.1"]
[White "Grimm, Sascha"]
[Black "Stenzel, Thomas"]
[Result "1-0"]
[WhiteElo "2289"]
[BlackElo "2112"]
[PlyCount "117"]
[EventDate "2012.09.09"]
[EventType "team"]
[EventRounds "11"]
[EventCountry "GER"]
[SourceTitle "EXT 2015"]
[Source "ChessBase"]
[SourceDate "2014.11.20"]
[SourceVersion "1"]
[SourceVersionDate "2014.11.20"]
[SourceQuality "1"]
[WhiteTeam "Gruenfeld"]
[BlackTeam "Godesberg III"]
[WhiteTeamCountry "GER"]
[BlackTeamCountry "GER"]

1. Nf3 Nf6 2. c4 g6 3. Nc3 Bg7 4. g3 d6 5. Bg2 0-0 6. 0-0 c6 7. Rb1 a5 8. a3 e5 9. d3 Nfd7 10. b4 axb4 11. axb4 h6 12. Bb2 f5 13. Ra1 Rxa1 14. Qxa1 Na6 15. b5 Nac5 16. Nd2 cxb5 17. Nxb5 Qg5 18. Rd1 Qe7 19. Qa5 Nf6 20. Ba3 Qd8 21. Qxd8 Rxd8 22. Nxd6 Rxd6 23. Bxc5 Ra6 24. Nb3 Nd7 25. Rb1 Bf8 26. Bd5+ Kg7 27. Bxf8+ Kxf8 28. f4 Rb6 29. Nd2 Rxb1+ 30. Nxb1 Ke7 31. Nc3 exf4 32. gxf4 g5 33. Nb5 Nf6 34. Bf3 b6 35. Nc3 Kd6 36. e3 Bd7 37. Kf2 Kc5 38. fxg5 hxg5 39. Kg3 Kd6 40. Be2 Ke5 41. d4+ Kd6 42. h4 gxh4+ 43. Kxh4 Be6 44. Kg5 Nh7+ 45. Kf4 Nf8 46. Bd3 Ng6+ 47. Kg5 Ne7 48. Nb5+ Kd7 49. Kf6 Bg8 50. Ke5 Nc6+ 51. Kf4 Ne7 52. Ke5 Nc6+ 53. Kf6 Ne7 54. Nc3 Kd6 55. Na4 Nc8 56. Bxf5 b5 57. cxb5 Ne7 58. Nc3 Bc4 59. e4 1-0

[Event "Mittelrhein-chT 1112"]
[Site "Germany"]
[Date "2012.02.05"]
[Round "8.3"]
[White "Dischinger, Frank"]
[Black "Stenzel, Thomas"]
[Result "1/2-1/2"]
[WhiteElo "2044"]
[BlackElo "2143"]
[PlyCount "89"]
[EventDate "2011.09.11"]
[EventType "team-tourn"]
[EventRounds "13"]
[EventCountry "GER"]
[SourceTitle "EXT 2013"]
[Source "ChessBase"]
[SourceDate "2012.11.22"]
[SourceVersion "1"]
[SourceVersionDate "2012.11.22"]
[SourceQuality "1"]
[WhiteTeam "Aachen Hoern"]
[BlackTeam "Godesberg II"]
[WhiteTeamCountry "GER"]
[BlackTeamCountry "GER"]

1. d4 d5 2. c4 Nc6 3. cxd5 Qxd5 4. e3 e5 5. Nc3 Bb4 6. Bd2 Bxc3 7. bxc3 Qd6 8. Qb3 Nge7 9. Nf3 0-0 10. Bd3 b6 11. 0-0 Be6 12. Qa4 h6 13. Bc1 Rfe8 14. Ba3 Qd7 15. Bxe7 Nxe7 16. Qxd7 Bxd7 17. Nxe5 Be6 18. Bb5 Rf8 19. e4 f6 20. Bc4 Bxc4 21. Nxc4 Rfe8 22. a4 a5 23. Rfe1 Rad8 24. Na3 Rd7 25. f3 Ng6 26. Rad1 Kf7 27. Kf2 Nf4 28. d5 g5 29. c4 Ng6 30. c5 bxc5 31. Rc1 Ne5 32. Red1 Rb8 33. Rxc5 Rb2+ 34. Rc2 Rxc2+ 35. Nxc2 c6 36. Ne3 cxd5 37. Rxd5 Nd3+ 38. Kf1 Rxd5 39. exd5 Nc5 40. Nc4 Nxa4 41. Nxa5 Nb6 42. d6 Ke6 43. Nb7 Nc4 44. Nd8+ Kd7 45. Nb7 1/2-1/2

[Event "Mittelrhein-chT 1112"]
[Site "Germany"]
[Date "2012.01.15"]
[Round "7.3"]
[White "Stenzel, Thomas"]
[Black "Bussard, Christian"]
[Result "0-1"]
[WhiteElo "2143"]
[BlackElo "2091"]
[PlyCount "50"]
[EventDate "2011.09.11"]
[EventType "team-tourn"]
[EventRounds "13"]
[EventCountry "GER"]
[SourceTitle "EXT 2013"]
[Source "ChessBase"]
[SourceDate "2012.11.22"]
[SourceVersion "1"]
[SourceVersionDate "2012.11.22"]
[SourceQuality "1"]
[WhiteTeam "Godesberg II"]
[BlackTeam "Niederkassel"]
[WhiteTeamCountry "GER"]
[BlackTeamCountry "GER"]

1. e4 e5 2. Nf3 d6 3. d4 exd4 4. Qxd4 Nc6 5. Bb5 Bg4 6. Qd3 Bxf3 7. Qxf3 Qf6 8. Qe2 Nge7 9. c3 0-0-0 10. 0-0 d5 11. Nd2 d4 12. Nf3 dxc3 13. e5 Qg6 14. bxc3 Nd5 15. Bd2 Nb6 16. Rfe1 a6 17. Nh4 Qc2 18. Qg4+ Kb8 19. Bxc6 Rxd2 20. Be4 Qxc3 21. Nf3 Re2 22. Red1 h5 23. Qf5 Bc5 24. Rac1 Qb4 25. Kh1 Be3 0-1

[Event "Mittelrhein-chT 1112"]
[Site "Germany"]
[Date "2011.11.13"]
[Round "4.3"]
[White "Hermann, Waldemar"]
[Black "Stenzel, Thomas"]
[Result "1/2-1/2"]
[WhiteElo "2039"]
[BlackElo "2143"]
[PlyCount "105"]
[EventDate "2011.09.11"]
[EventType "team-tourn"]
[EventRounds "13"]
[EventCountry "GER"]
[SourceTitle "EXT 2013"]
[Source "ChessBase"]
[SourceDate "2012.11.22"]
[SourceVersion "1"]
[SourceVersionDate "2012.11.22"]
[SourceQuality "1"]
[WhiteTeam "Koeln Muelheim"]
[BlackTeam "Godesberg II"]
[WhiteTeamCountry "GER"]
[BlackTeamCountry "GER"]

1. e4 e6 2. d4 d5 3. exd5 exd5 4. Bd3 Nf6 5. Bg5 Be7 6. Ne2 0-0 7. Nd2 Re8 8. 0-0 Nbd7 9. Ng3 h6 10. Bf4 Nf8 11. Nf5 Ne6 12. Be3 Ng5 13. Nxe7+ Qxe7 14. Bxg5 hxg5 15. Re1 Be6 16. Bf5 Qd6 17. Bxe6 Rxe6 18. Rxe6 Qxe6 19. Nf3 Ne4 20. c3 Re8 21. Ne5 f6 22. Nd3 Qf5 23. h3 Nd6 24. Qc2 g4 25. hxg4 Qxg4 26. Re1 Rxe1+ 27. Nxe1 Qf4 28. Qe2 Qe4 29. Qxe4 Nxe4 30. f3 Nd6 31. Kf2 Kf7 32. Nd3 c6 33. Ke2 Ke6 34. g3 b6 35. a4 Nf5 36. Nf4+ Ke7 37. g4 Nd6 38. b3 g5 39. Nd3 Ke6 40. Nb4 Kd7 41. Kd3 a5 42. Nc2 Ke6 43. c4 f5 44. c5 bxc5 45. dxc5 Nb7 46. Kd4 f4 47. b4 axb4 48. Nxb4 Na5 49. Kc3 Kd7 50. Nd3 Nc4 51. Ne1 Kc7 52. Nc2 Kb7 53. Nd4 1/2-1/2

[Event "NRW Class1 1011"]
[Site "Germany"]
[Date "2011.03.13"]
[Round "8.3"]
[White "Rijnaarts, Sjef"]
[Black "Stenzel, Thomas"]
[Result "1/2-1/2"]
[WhiteElo "2264"]
[BlackElo "2215"]
[PlyCount "50"]
[EventDate "2010.09.26"]
[EventType "team-tourn"]
[EventRounds "9"]
[EventCountry "GER"]
[SourceTitle "EXT 2012"]
[Source "ChessBase"]
[SourceDate "2011.11.24"]
[SourceVersion "1"]
[SourceVersionDate "2011.11.24"]
[SourceQuality "1"]
[WhiteTeam "Emsdetten Turm II"]
[BlackTeam "Godesberg II"]
[WhiteTeamCountry "GER"]
[BlackTeamCountry "GER"]

1. e4 e6 2. d4 d5 3. Nc3 dxe4 4. Nxe4 Nd7 5. Nf3 Ngf6 6. Nxf6+ Nxf6 7. Be3 Be7 8. Qd2 a6 9. 0-0-0 b5 10. Kb1 Bb7 11. Bd3 Be4 12. Bxe4 Nxe4 13. Qd3 Qd5 14. Ne5 0-0 15. f3 Nd6 16. Bf4 Rfd8 17. Qc3 Rdc8 18. Rhe1 Bf8 19. Nd3 a5 20. Re5 b4 21. Qc5 Qb7 22. d5 Nb5 23. Qc4 Nd6 24. Qc5 Nb5 25. Qc4 Nd6 1/2-1/2

[Event "NRW Class1 1011"]
[Site "Germany"]
[Date "2010.12.19"]
[Round "4.3"]
[White "Akhayan, Ruben"]
[Black "Stenzel, Thomas"]
[Result "1/2-1/2"]
[WhiteElo "2302"]
[BlackElo "2215"]
[PlyCount "74"]
[EventDate "2010.09.26"]
[EventType "team-tourn"]
[EventRounds "9"]
[EventCountry "GER"]
[SourceTitle "EXT 2012"]
[Source "ChessBase"]
[SourceDate "2011.11.24"]
[SourceVersion "1"]
[SourceVersionDate "2011.11.24"]
[SourceQuality "1"]
[WhiteTeam "Wuerselen"]
[BlackTeam "Godesberg II"]
[WhiteTeamCountry "GER"]
[BlackTeamCountry "GER"]

1. e4 e6 2. d4 d5 3. Nc3 Nc6 4. Nf3 Nf6 5. e5 Ne4 6. Ne2 f6 7. Ng3 fxe5 8. Bb5 Bd7 9. Bxc6 Bxc6 10. Nxe5 Qf6 11. Nxe4 dxe4 12. Qe2 Bd6 13. Nxc6 bxc6 14. Qxe4 0-0 15. 0-0 Rab8 16. c4 c5 17. d5 exd5 18. Qxd5+ Kh8 19. Rb1 Rbe8 20. Bd2 Re5 21. Bc3 Rxd5 22. Bxf6 Rh5 23. g4 Rh3 24. Bc3 Rxh2 25. Rbe1 h5 26. Be5 Rh4 27. Bxd6 cxd6 28. Re4 Rxg4+ 29. Rxg4 hxg4 30. Rd1 Rf6 31. Rd3 Kh7 32. Ra3 Rf7 33. Kg2 Kg6 34. Rd3 Rf6 35. Ra3 Rf7 36. Rd3 Rf6 37. Ra3 Rf7 1/2-1/2